000 00357 a2200109 4500
001 ART_27672
005 20260410161626.0
008 260409a
245 1 0 _aAlgunos aspectos de control en el proceso de cierre de estados financieros sobre base NIIF
100 1 _aLuppi, Hugo Alberto
773 0 _tEnfoques
_g- NÂș 11 (nov. 2014)
_wREV416
999 _c12019
_d12019